000 00910cam a22002651 4500
001 ca 34002089
003 DLC
005 20260227111136.0
007 cr_|||||||||||
008 891113s1879 mau 000 0 eng
010 _aca 34002089
035 _a(OCoLC)20640457
040 _aDLC
_cRPB
_dDLC
042 _apremarc
050 0 0 _aPS1059.B22
_bO8 1879
082 _a812.4
100 1 _aBaker, George Melville,
_d1832-1890.
245 1 0 _aOur folks.
_bA play in three acts.
_cBy George M. Baker. Dramatized from Running to waste: the story of a tomboy. By the same author.
260 _aBoston,
_bG.M. Baker and Company,
_c1879.
300 _a78 p.
_c19 cm.
490 0 _aThe amateur drama.
_v[no. 67]
530 _aAlso available in digital form on the Internet Archive Web site.
740 0 _aRunning to waste: the story of a tomboy.
856 4 1 _uhttp://hdl.loc.gov/loc.gdc/scd0001.00158634971
999 _c17689
_d17689